ბათუმის შოთა რუსთაველის სახელმწიფო უნივერსიტეტის ბიბლიოთეკა

ლაზი ვორე / (ბიბ.ჩანაწერი № 62732)

000 -ლიდერი
ფიქსირებული სიგრძის საკონტროლო ველი 01057nam a22002297a 4500
003 - საკონტროლო ნომრის იდენტიფიკატორი
საკონტროლო ველი Ge_BSU
005 - ბოლო ოპერაციის თარიღი და დრო
საკონტროლო ველი 20250203120234.0
008 - ფიქსირებული სიგრძის მონაცემთა ელემენტები - ზოგადი ინფორმაცია
ფიქსირებული სიგრძის საკონტროლო ველი 250203s2014 ge ||||| |||| 00| 0 geo d
020 ## - წიგნის საერთაშორისო სტანდარტული ნომერი
International Standard Book Number 9789941066382
041 ## - ენის კოდი
Language code of text/sound track or separate title geo
080 ## - უნივერსალური ათობითი კლასიფიკაციის ინდექსი
Universal Decimal Classification number 94(=353.1)(560) + 821.353.1-94 ო-74
100 ## - მთავარი ჩანაწერი - პიროვნების სახელი
Personal name ოსმანაღაოღლუ, უმით
9 (RLIN) 24224
245 ## - ცნობა სათაურის შესახებ
Title ლაზი ვორე /
Statement of responsibility, etc უმით ოსმანაღაოღლუ; წინათქმა გიორგი ანდრიაძე.
264 ## - წარმოების, გამოცემის, დისტრიბუციის და სხვა ცნობები
გამოცემის, წარმოების, დისტრიბუციის... ადგილი თბ.,
გამოცემის, წარმოების, დისტრიბუციის... თარიღი 2014.
300 ## - ფიზიკური აღწერა
Extent 134 გვ. :
Other physical details ფოტ. ;
Dimensions 20 სმ.
500 ## - ზოგადი შენიშვნა
General note ფოტომასალა: გვ. 124-134.
653 ## - INDEX TERM--UNCONTROLLED
Uncontrolled term ლაზეთის ისტორია
653 ## - INDEX TERM--UNCONTROLLED
Uncontrolled term ლაზური წეს-ჩვეულებები
653 ## - INDEX TERM--UNCONTROLLED
Uncontrolled term საქართველო-თურქეთის ურთიერთობების ისტორია
700 ## - ADDED ENTRY--PERSONAL NAME
Personal name ანდრიაძე, გიორგი
Relator term წინათქმა
9 (RLIN) 21744
942 ## - ADDED ENTRY ELEMENTS (KOHA)
Source of classification or shelving scheme
Koha item type წიგნი
ეგზემპლარები
ჩამოწერის სტატუსი დაკარგული ეგზემპლარის სტატუსი კლასიფიკაციის წყარო ან თაროზე გაწყობის სქემა დაზიანების სტატუსი არ გაიცემა მუდმივი მდებარეობა (დაცვის ადგილი) ამჟამინდელი ადგილსამყოფელი თაროზე განთავსების ადგილი შეძენის თარიღი ღირებულება, შესყიდვის ნორმალური ფასი სრული შენახვის შიფრი შტრიხკოდი ბოლო ოპერაციის თარიღი ეგზემპლარის მიმდევრობითი ნომერი (კეტერი?) ფასის ძალაში შესვლის თარიღი ეგზემპლარის სახეობა საჯარო შენიშვნა
          ბათუმის შოთა რუსთაველის სახელმწიფო უნივერსიტეტის მთავარი ბიბლიოთეკა ბათუმის შოთა რუსთაველის სახელმწიფო უნივერსიტეტის მთავარი ბიბლიოთეკა წიგნსაცავი 2025-02-03 5.00 94(=353.1)(560) + 821.353.1-94 ო-74 70528 2025-02-03 70528 2025-02-03 წიგნი 5 ლ.